000 00794cam a22001814a 4500
005 20250605164354.0
008 250528s ||||||||||||||||||||||||d
035 _a24260
040 _aGR-AtMCL
_bgre
_dGR-AtMCL
_eAACR2
245 1 _aEat Wisely... Live Well! / World Health - The Magazine of the World Health Organization
260 _bWorld Health,
_c1991
300 _a31
520 _aHealth Nutrition: A Global Challenge, New Concepts of a Balanced Diet, A Fair Share for All, Food Aid in Action, Politics and Nutrition in Africa, Ideas for Action, Foodborne Illness: A Growing Problem, Not All Change is Good, Fat Animals - Fat Humans, Diet in the Cities.
700 1 _aNakajima Hiroshi
_99435
942 _cCR
999 _c9150
_d9150